Normal view MARC view
  • Project Communications Management [Knowledge Area]

Entry Topical Term

Number of records used in: 1

001 - CONTROL NUMBER

  • control field: 85120

003 - CONTROL NUMBER IDENTIFIER

  • control field: NUST

005 - DATE AND TIME OF LATEST TRANSACTION

  • control field: 20211125113323.0

008 - FIXED-LENGTH DATA ELEMENTS

  • fixed length control field: 211125|| aca||aabn | a|a d

040 ## - CATALOGING SOURCE

  • Original cataloging agency: NUST
  • Transcribing agency: NUST

150 ## - HEADING--TOPICAL TERM

  • Topical term or geographic name entry element: Project Communications Management [Knowledge Area]

670 ## - SOURCE DATA FOUND

  • Source citation: Work cat.: (NUST)32084: Jha, Shankar. 85113, The Project Manager's Communication Toolkit /, c2010.
© 2023 Central Library, National University of Sciences and Technology. All Rights Reserved.